| 000 | 00973nas a2200289 4500 | ||
|---|---|---|---|
| 001 | BR2019001070 | ||
| 003 | BR-BrBNA | ||
| 005 | 20231205131702.0 | ||
| 007 | ta | ||
| 008 | 230509b bl.|||p| |||| 00| 00por d | ||
| 040 |
_aBR-BrBNA _bpor _cBiblioteca Nacional de Agricultura |
||
| 041 | _a(Pt) | ||
| 072 | _aF50; F63 | ||
| 100 | 1 | _aVello, F. | |
| 111 | 1 |
_a16. Congresso da Sociedade Botânica do Brasil _cItabuna, BA (Brazil) _dJan 1965 |
|
| 245 | 1 | _aInfluência da origem do grão de pólen sobre alguns caracteres fenotípicos do fruto de cacau (Theobroma cacao L.) | |
| 650 | _aPÓLEN | ||
| 650 | _aPOLINIZAÇÃO | ||
| 650 | _aFENÓTIPO | ||
| 650 | _aCARACTERÍSTICAS AGRONÔMICAS | ||
| 650 | _aMORFOLOGIA VEGETAL | ||
| 650 | _aCACAU | ||
| 773 | 0 |
_tRevista Theobroma (Brazil) _xISSN 0370-7962 _g(Jul-Sep 1971), v. 1(3) p. 3-10 _wBR2019001070 |
|
| 856 | 4 | 0 | _dLink DSPACE/MAPA BR2019001070 |
| 909 |
_a202311 _bLúcia _c55 _dLúcia Elande |
||
| 942 |
_2AGRIS _n0 _cANA |
||
| 999 |
_c256121 _d256121 |
||